Библиография Победы

“Убежден: опыт солидарности, партнерства в годы борьбы с общей угрозой — это наше бесценное наследие, прочная опора именно сейчас, когда набирает силу необратимое движение к более справедливому многополярному миру, основанному на принципах доверия и неделимой безопасности, равных возможностей для самобытного и свободного развития всех стран и народов.”

В.В. Путин

Географи (Запись № 77458)

Подробности
000 -МАРКЕР
контрольное поле 01051nam1a2200277 4500
001 - ИДЕНТИФИКАТОР ЗАПИСИ
контрольное поле RU\NLR\BIBL_A\011653399
005 - ИДЕНТИФИКАТОР ВЕРСИИ
контрольное поле 20250807190207.0
035 ## - ДРУГИЕ СИСТЕМНЫЕ НОМЕРА
Идентификатор записи (NLR Aleph) 011653399
100 ## - ДАННЫЕ ОБЩЕЙ ОБРАБОТКИ
Данные общей обработки 20180307d1943 c y0rusy50 ca
101 0# - ЯЗЫК РЕСУРСА
Язык текста, звукозаписи и т.д. чувашский
102 ## - СТРАНА ПУБЛИКАЦИИ ИЛИ ПРОИЗВОДСТВА
Страна публикации российская федерация
105 ## - ПОЛЕ КОДИРОВАННЫХ ДАННЫХ: ТЕКСТОВЫЕ МАТЕРИАЛЫ, МОНОГРАФИЧЕСКИЕ
Кодированные данные о монографическом текстовом документе y z 000 y
200 1# - ЗАГЛАВИЕ И СВЕДЕНИЯ ОБ ОТВЕТСТВЕННОСТИ
Основное заглавие Географи
Сведения, относящиеся к заглавию пуçлăмěш шк. ... вěренмелли кěнеке
Первые сведения об ответственности Л. Г. Тереховăпа В. Г. Эрдели
205 ## - СВЕДЕНИЯ ОБ ИЗДАНИИ
Сведения об издании 6-мěш изд.
210 ## - ПУБЛИКАЦИЯ, РАСПРОСТРАНЕНИЕ И ДР.
Место издания, распространения и т.д. Шупашкар
Имя издателя, распространителя и т. д. Чăваш АССР Гос. изд-ви
Дата издания, распространения и т.д. 1943
215 ## - ФИЗИЧЕСКАЯ ХАРАКТЕРИСТИКА
Размеры 22
541 1# - ПЕРЕВОД ЗАГЛАВИЯ, СДЕЛАННЫЙ КАТАЛОГИЗАТОРОМ
Заглавие География
Сведения, относящиеся к заглавию учебник для нач. шк.
689 1# - БИБЛИОТЕЧНО-БИБЛИОГРАФИЧЕСКАЯ КЛАССИФИКАЦИЯ (ББК)
Первая часть составного индекса Д82
700 #1 - ИМЯ ЛИЦА - ПЕРВИЧНАЯ ОТВЕТСТВЕННОСТЬ
Начальный элемент ввода Терехова
Часть имени, кроме начального элемента ввода Л. Г.
Расширение инициалов личного имени Лидия Григорьевна
Идентификатор авторитетной/нормативной записи RU\NLR\AUTH\770278601
701 #1 - ИМЯ ЛИЦА - АЛЬТЕРНАТИВНАЯ ОТВЕТСТВЕННОСТЬ
Начальный элемент ввода Эрдели
Часть имени, кроме начального элемента ввода В. Г.
Даты 1886-1968
Расширение инициалов личного имени Владимир Георгиевич
Идентификатор авторитетной/нормативной записи RU\NLR\AUTH\770268140
852 ## - МЕСТОНАХОЖДЕНИЕ И ШИФР ХРАНЕНИЯ
Идентификатор организации NLR
Наименование фонда или коллекции (Sub-Location Identifier) ОНЛ
Шифр хранения (Call Number) Чув./3-532
942 ## - ДОПОЛНИТЕЛЬНЫЕ ЭЛЕМЕНТЫ ЗАПИСИ (АБИС)
Тип экземпляра АБИС Книга
945 ## - Информацию об издании предоставили:
Полное название организации, предоставившей материал Российская национальная библиотека
980 ## - КОЛЛЕКЦИЯ
Название коллекции Библиография Победы

Нет доступных экземпляров.